000 00525nam a22001937a 4500
003 3228
005 20241105092248.0
008 241105b sa ||||e |||| 00| 0 eng d
020 _a9780586070352
_qPaperback (pbk)
040 _aRDA
_c3228
082 _aEF BRAD
100 _a Bradford , Barbara Taylor
_96180
245 0 _aThe Women in his Life /
260 _aLondon :
_bGrafton ,
_cc1994
300 _a620 Pages ,
_c18cm
521 _aSuitable for Adults
650 0 _2LOC
_9188604
_aAdult Fiction
942 _cBK
_2lcc
_y12584
_zSanelisiwe Majola
999 _c179423
_d179422